Statistics for Countries P!nk has visited

Click here to take the quiz!

General Stats

  • This quiz has been taken 36 times
  • The average score is 28 of 35

Answer Stats

ContinentCountry% Correct
OceaniaAustralia
100%
EuropeGermany
100%
EuropeItaly
100%
EuropeUnited Kingdom
100%
EuropeFrance
96%
North AmericaUnited States of America
96%
South AmericaBrazil
92%
North AmericaCanada
92%
EuropeDenmark
92%
OceaniaNew Zealand
88%
EuropeAustria
85%
EuropeBelgium
85%
EuropeSwitzerland
85%
Asia/ EuropeTurkey
85%
EuropeIreland
81%
EuropeNorway
81%
EuropePoland
81%
Asia/ EuropeRussia
81%
EuropeEstonia
77%
EuropeFinland
77%
AsiaJapan
77%
EuropeSweden
77%
Europethe Netherlands
77%
EuropeIceland
73%
EuropeCzech Republic
69%
EuropeHungary
69%
EuropeLatvia
69%
EuropeSerbia
69%
EuropeLuxembourg
65%
EuropeSlovakia
65%
EuropeSlovenia
65%
AfricaSouth Africa
65%
EuropeRomania
62%
AsiaUnited Arab Emirates
50%
EuropeNorth Macedonia
38%

Score Distribution

Percentile by Number Answered

Percent of People with Each Score

Your Score History

You have not taken this quiz